Aplikácia moderných trendov marketingu vo vybranom podniku diplomová práca

Na minha lista:
Detalhes bibliográficos
Autor principal: Hajko, Adam
Autor Corporativo: Fakulta podnikového manažmentu EU. Katedra podnikovohospodárska
Outros Autores: Hrušovská, Dana, 1964-
Formato: Livro
Idioma:eslovaco
Publicado em: Bratislava 2023
Tags: Adicionar Tag
Sem tags, seja o primeiro a adicionar uma tag!

MARC

LEADER 00000nbm a2200000 4500
001 0293521
005 20240219145135.5
041 0 |a slo 
044 |a SK 
245 1 0 |a Aplikácia moderných trendov marketingu vo vybranom podniku  |b diplomová práca  |c Adam Hajko ; školiteľ: Dana Hrušovská 
264 1 |a Bratislava  |c 2023 
300 |a 71 s. 
100 1 |a Hajko, Adam 
700 1 |a Hrušovská, Dana, 1964- 
710 2 |a Fakulta podnikového manažmentu EU. Katedra podnikovohospodárska